第25回参議院議員選挙当選者 - Statistics

General Stats
  • This quiz has been taken 43 times
  • The average score is 36 of 124
Answer Stats
選挙区 当選者名 政党 % Correct
東京都 音喜多駿 維新
65%
東京都 武見敬三 自民
65%
静岡県 榛葉賀津也 国民
65%
和歌山県 世耕弘成 自民
65%
全国比例 立花孝志 N国
65%
東京都 丸川珠代 自民
60%
全国比例 木村英子 れいわ
60%
東京都 山口那津男 公明
55%
大阪府 太田房江 自民
55%
広島県 河井案里 自民
55%
全国比例 田村麻美 国民
55%
全国比例 舩後靖彦 れいわ
55%
宮城県 石垣のりこ 立民
50%
秋田県 寺田静 無所属
50%
千葉県 石井準一 自民
50%
東京都 吉良佳子 共産
50%
東京都 塩村文夏 立民
50%
滋賀県 嘉田由紀子 無所属
50%
京都府 西田昌司 自民
50%
沖縄県 高良鉄美 無所属
50%
全国比例 山田太郎 自民
50%
全国比例 小池晃 共産
50%
全国比例 吉田忠智 社民
50%
長野県 羽田雄一郎 国民
45%
大阪府 梅村みずほ 維新
45%
鳥取・島根 舞立昇治 自民
45%
全国比例 鈴木宗男 維新
45%
北海道 高橋はるみ 自民
40%
山形県 芳賀道也 無所属
40%
福島県 森雅子 自民
40%
神奈川県 松沢成文 維新
40%
新潟県 打越さく良 無所属
40%
福井県 滝波宏文 自民
40%
大阪府 東徹 維新
40%
大阪府 杉久武 公明
40%
山口県 林芳正 自民
40%
全国比例 柘植芳文 自民
40%
全国比例 山東昭子 自民
40%
全国比例 柳ヶ瀬裕文 維新
40%
全国比例 礒崎哲史 国民
40%
岩手県 横沢高徳 無所属
35%
愛知県 大塚耕平 国民
35%
京都府 倉林明子 共産
35%
広島県 森本真治 無所属
35%
愛媛県 永江孝子 無所属
35%
青森県 滝沢求 自民
30%
千葉県 長浜博行 立民
30%
兵庫県 加田裕之 自民
30%
福岡県 野田国義 立民
30%
全国比例 和田政宗 自民
30%
全国比例 佐藤正久 自民
30%
全国比例 有村治子 自民
30%
全国比例 羽生田俊 自民
30%
全国比例 紙智子 共産
30%
北海道 勝部賢志 立民
25%
北海道 岩本剛人 自民
25%
埼玉県 古川俊治 自民
25%
富山県 堂故茂 自民
25%
石川県 山田修路 自民
25%
愛知県 酒井庸行 自民
25%
奈良県 堀井巌 自民
25%
岡山県 石井正弘 自民
25%
大分県 安達澄 無所属
25%
鹿児島県 尾辻秀久 自民
25%
全国比例 赤池誠章 自民
25%
全国比例 岸真紀子 立民
25%
全国比例 水岡俊一 立民
25%
全国比例 吉川沙織 立民
25%
全国比例 石川大我 立民
25%
全国比例 須藤元気 立民
25%
全国比例 山下芳生 共産
25%
茨城県 上月良祐 自民
20%
栃木県 高橋克法 自民
20%
埼玉県 伊藤岳 共産
20%
千葉県 豊田俊郎 自民
20%
神奈川県 島村大 自民
20%
神奈川県 牧山弘恵 立民
20%
岐阜県 大野泰正 自民
20%
静岡県 牧野京夫 自民
20%
三重県 吉川有美 自民
20%
徳島・高知 高野光二郎 自民
20%
福岡県 松山政司 自民
20%
福岡県 下野六太 公明
20%
全国比例 三木亨 自民
20%
全国比例 宮本周司 自民
20%
全国比例 北村経夫 自民
20%
全国比例 宮崎雅夫 自民
20%
全国比例 森屋隆 立民
20%
全国比例 梅村聡 維新
20%
全国比例 浜野喜史 国民
20%
茨城県 小沼巧 立民
15%
埼玉県 熊谷裕人 立民
15%
神奈川県 佐々木さやか 公明
15%
山梨県 森屋宏 自民
15%
愛知県 田島麻衣子 立民
15%
兵庫県 清水貴之 維新
15%
兵庫県 高橋光男 公明
15%
佐賀県 山下雄平 自民
15%
熊本県 馬場成志 自民
15%
全国比例 三浦靖 自民
15%
全国比例 佐藤信秋 自民
15%
全国比例 衛藤晟一 自民
15%
全国比例 平木大作 公明
15%
全国比例 塩田博昭 公明
15%
全国比例 柴田巧 維新
15%
群馬県 清水真人 自民
10%
愛知県 安江伸夫 公明
10%
長崎県 古賀友一郎 自民
10%
宮崎県 長峯誠 自民
10%
全国比例 橋本聖子 自民
10%
全国比例 山田俊男 自民
10%
全国比例 石田昌宏 自民
10%
全国比例 本田顕子 自民
10%
全国比例 小沢雅仁 立民
10%
全国比例 川田龍平 立民
10%
全国比例 若松謙維 公明
10%
全国比例 河野義博 公明
10%
全国比例 室井邦彦 維新
10%
全国比例 井上哲士 共産
10%
埼玉県 矢倉克夫 公明
5%
香川県 三宅伸吾 自民
5%
全国比例 山本香苗 公明
5%
全国比例 山本博司 公明
5%
全国比例 新妻秀規 公明
0%
No matching quizzes found
Score Distribution
Percent of People with Each Score
Percentile by Number Answered
Your Score History
You have not taken this quiz